| 000 | 00448nam a2200181Ia 4500 | ||
|---|---|---|---|
| 001 | 15632 | ||
| 005 | 20260306170210.0 | ||
| 008 | 260306t2010||||xx |||||||||||||| ||und|| | ||
| 041 | _aESP | ||
| 082 |
_a551.69 _bV933 |
||
| 100 |
_aFundación M.J. Bustamante de la Fuente _eAUT |
||
| 245 | 0 | _aCambio climático en el Perú | |
| 260 | _c2010 | ||
| 300 |
_a124 páginas : _c26 cm. |
||
| 650 | _aGEN | ||
| 654 | _aCIA | ||
| 942 |
_cLIB _dJUS _fJUS _2ddc _n |
||
| 999 |
_c15632 _d15632 |
||